IN/SC (Record no. 104910)

MARC details
000 -LEADER
fixed length control field 00933cam a22002175 4500
001 - CONTROL NUMBER
control field ##J131935
008 - FIXED-LENGTH DATA ELEMENTS--GENERAL INFORMATION
fixed length control field 051219s1999 xxk f g 000 0 eng d
035 ## - SYSTEM CONTROL NUMBER
System control number (Sirsi) u131935
041 0# - LANGUAGE CODE
Language code of text/sound track or separate title eng
050 04 - LIBRARY OF CONGRESS CALL NUMBER
Classification number 692.8 $2 18
110 2# - MAIN ENTRY--CORPORATE NAME
Corporate name or jurisdiction name as entry element Construction Confederation
9 (RLIN) 3647
240 00 - UNIFORM TITLE
Uniform title IN/SC 85 Amendment 6
245 00 - TITLE STATEMENT
Title IN/SC
Remainder of title domestic sub-contract amendment six - July 1999
-- schedule of amendments to IN/SC 1985 edition (reprint for use with JCT Intermediate Form of Contract 1998 edition)
260 ## - PUBLICATION, DISTRIBUTION, ETC.
Place of publication, distribution, etc. London
Name of publisher, distributor, etc. Construction Confederation
Date of publication, distribution, etc. 1999
300 ## - PHYSICAL DESCRIPTION
Extent 4p.
Dimensions 30cm.
490 #0 - SERIES STATEMENT
Series statement Construction Confederation Domestic Subcontract IN/SC (1985 Edition)
Volume/sequential designation Amendment 6
650 24 - SUBJECT ADDED ENTRY--TOPICAL TERM
Topical term or geographic name entry element CONSTRUCTION CONFEDRATION DOMESTIC SUBCONTRACT IN/SC (1985 EDITION)
650 24 - SUBJECT ADDED ENTRY--TOPICAL TERM
Topical term or geographic name entry element JCT STANDARD FORM OF BUILDING CONTRACT (1998 EDITION)
690 ## - LOCAL SUBJECT ADDED ENTRY--TOPICAL TERM (OCLC, RLIN)
Topical term or geographic name as entry element BUILT ENVIRONMENT-BUILDING CONTRACT FORMS-STANDARD FORMS OF BUILDING CONTRACT
942 ## - ADDED ENTRY ELEMENTS (KOHA)
Suppress in OPAC 0
Holdings
Withdrawn status Lost status Source of classification or shelving scheme Damaged status Not for loan Home library Current library Shelving location Date acquired Total Checkouts Full call number Barcode Date last seen Copy number Price effective from Koha item type
    Dewey Decimal Classification     London London Basement 19/12/2005   BASEMENT 30071684 06/08/2019 1 06/08/2019 Reference material